000 00692nam a22002057a 4500
999 _c6866
_d6866
003 AR-CdUCM
008 190319b ||||| |||| 00| 0 spa d
040 _aMUNICIPALIDAD PROVINCIAL DEL CUSCO
_cBIBLIOTECA MUNICIPAL DEL CUSCO
082 _a869.55 /
_bC31V
100 _aCarrillo, Enrique A.
_919345
245 _aViendo pasar las cosas /
_cEnrique A. Carrillo (cabotín)
260 _aLima :
_bAntonio Lulli,
_c1957.
300 _a77 páginas ;
_c21 cm.
500 _aDonación de la familia Nieto.
650 _aCuentos peruanos - Siglo XIX
_919346
650 _aCuentos costumbristas - Lima - Perú
_919347
650 _aAutores peruanos
_9731
942 _2ddc
_cLIBROS
945 _alccs